| 000 | 00598na a2200217 4500 | ||
|---|---|---|---|
| 001 | 18296 | ||
| 003 | MIRAKIL | ||
| 005 | 20181213154927.0 | ||
| 008 | 161116b tu 000 0 | ||
| 040 |
_aMilas _btur _cTR-AnCHP |
||
| 041 | _aeng | ||
| 082 |
_a305.55 _bK32e 2010 |
||
| 090 | _a305.55 K32e 2010 | ||
| 100 | _aKharas, Homi | ||
| 245 |
_aThe emerging middle class in developing countries _cHomi Kharas |
||
| 260 |
_a[y.y.] _bOECD _c2010 |
||
| 300 |
_a61 s. _btbl.; grf. _c28 sm. |
||
| 490 |
_aOECD Development Centre Working Paper _v285 |
||
| 504 | _aKaynakça var. | ||
| 942 |
_2ddc _cBKS |
||
| 999 |
_c3314 _d3314 |
||